<?xml version="1.0" encoding="UTF-8"?><?xml-stylesheet type="text/xsl" href="static/style.xsl"?><OAI-PMH xmlns="http://www.openarchives.org/OAI/2.0/" xmlns:xsi="http://www.w3.org/2001/XMLSchema-instance" xsi:schemaLocation="http://www.openarchives.org/OAI/2.0/ http://www.openarchives.org/OAI/2.0/OAI-PMH.xsd"><responseDate>2026-04-17T15:38:06Z</responseDate><request verb="GetRecord" identifier="oai:www.recercat.cat:2117/375266" metadataPrefix="marc">https://recercat.cat/oai/request</request><GetRecord><record><header><identifier>oai:recercat.cat:2117/375266</identifier><datestamp>2025-07-22T19:15:19Z</datestamp><setSpec>com_2072_1033</setSpec><setSpec>col_2072_452951</setSpec></header><metadata><record xmlns="http://www.loc.gov/MARC21/slim" xmlns:dcterms="http://purl.org/dc/terms/" xmlns:xsi="http://www.w3.org/2001/XMLSchema-instance" xmlns:doc="http://www.lyncode.com/xoai" xsi:schemaLocation="http://www.loc.gov/MARC21/slim http://www.loc.gov/standards/marcxml/schema/MARC21slim.xsd">
   <leader>00925njm 22002777a 4500</leader>
   <datafield ind2=" " ind1=" " tag="042">
      <subfield code="a">dc</subfield>
   </datafield>
   <datafield ind2=" " ind1=" " tag="720">
      <subfield code="a">Samsudean, Alex</subfield>
      <subfield code="e">author</subfield>
   </datafield>
   <datafield ind2=" " ind1=" " tag="260">
      <subfield code="c">2022-09-14</subfield>
   </datafield>
   <datafield ind2=" " ind1=" " tag="520">
      <subfield code="a">El temps és una variable relacionada amb el concepte de canvi i evolució, com pot un edifici, essent un element fix i rígid, adaptar-se al temps?&#xd;
&#xd;
Les persones canvien amb el temps, igual que la societat, la demografia, la cultura o l'economia, i aquests canvis es tradueixen en necessitats a les quals l'arquitectura s'ha de poder adaptar.&#xd;
&#xd;
L'arquitectura s'ha de deixar inacabada, deixant llibertat a l'usuari d'habitar-la segons convingui. Recórrer a espais flexibles, és permetre a lusuari modificar-lo segons les seves necessitats.&#xd;
&#xd;
Creant arquitectura inacabada i permetent a l'usuari acabar-la, s'aconsegueix arquitectura adaptable, arquitectura que no queda obsoleta amb el temps.</subfield>
   </datafield>
   <datafield ind2=" " ind1=" " tag="520">
      <subfield code="a">El tiempo es una variable relacionada con el concepto de cambio y evolución, cómo puede un edificio, siendo un elemento fijo y rígido, adaptarse al tiempo?&#xd;
&#xd;
Las personas cambian con el tiempo, igual que la sociedad, la demografía, la cultura o la economía, y estos cambios se traducen en necesidades, a las cuales la arquitectura ha de ser capaz de adaptarse.&#xd;
&#xd;
La arquitectura se debe dejar inacabada, dejando libertad al usuario de habitarla según le convenga. Recurrir a espacios flexibles, es permitir al usuario modificarlo según sus necesidades.&#xd;
&#xd;
Creando arquitectura inacabada y permitiendo al usuario terminarla, se consigue arquitectura adaptable, arquitectura que no queda obsoleta con el tiempo.</subfield>
   </datafield>
   <datafield ind2=" " ind1=" " tag="520">
      <subfield code="a">Time is a variable related to the concept of change and evolution. How can a building, being a fixed and rigid element, adapt to time?&#xd;
&#xd;
People change over time, such as society, demography, culture or the economy, and these changes translate into needs, to which architecture must be able to adapt.&#xd;
&#xd;
Architecture should be left unfinished, leaving the user free to inhabit it as they see appropriate. To resort to flexible spaces, is to allow the user to modify them according to their needs.&#xd;
&#xd;
By creating unfinished architecture and allowing the user to finish it, we achieve an adaptable architecture, which does not become obsolete over time.</subfield>
   </datafield>
   <datafield tag="653" ind2=" " ind1=" ">
      <subfield code="a">Àrees temàtiques de la UPC::Arquitectura::Tipologies d'edificis::Habitatges</subfield>
   </datafield>
   <datafield tag="653" ind2=" " ind1=" ">
      <subfield code="a">Àrees temàtiques de la UPC::Arquitectura::Disseny::Interiorisme</subfield>
   </datafield>
   <datafield tag="653" ind2=" " ind1=" ">
      <subfield code="a">Space (Architecture)</subfield>
   </datafield>
   <datafield tag="653" ind2=" " ind1=" ">
      <subfield code="a">Architecture, Domestic</subfield>
   </datafield>
   <datafield tag="653" ind2=" " ind1=" ">
      <subfield code="a">Domestic space</subfield>
   </datafield>
   <datafield tag="653" ind2=" " ind1=" ">
      <subfield code="a">Interior decoration</subfield>
   </datafield>
   <datafield tag="653" ind2=" " ind1=" ">
      <subfield code="a">Furniture</subfield>
   </datafield>
   <datafield tag="653" ind2=" " ind1=" ">
      <subfield code="a">Espai (Arquitectura)</subfield>
   </datafield>
   <datafield tag="653" ind2=" " ind1=" ">
      <subfield code="a">Arquitectura domèstica</subfield>
   </datafield>
   <datafield tag="653" ind2=" " ind1=" ">
      <subfield code="a">Espai domèstic</subfield>
   </datafield>
   <datafield tag="653" ind2=" " ind1=" ">
      <subfield code="a">Interiorisme</subfield>
   </datafield>
   <datafield tag="653" ind2=" " ind1=" ">
      <subfield code="a">Mobles</subfield>
   </datafield>
   <datafield ind2="0" ind1="0" tag="245">
      <subfield code="a">Furniture as a space-shaping element</subfield>
   </datafield>
</record></metadata></record></GetRecord></OAI-PMH>